00367nam a22001337a 450000500170000000800410001704100120005808200120007010000120008224500350009426000460012930000330017565000250020820240730132950.0240730b |||||||| |||| 00| 0 eng d aEnglish a349 SOU lEnglish aThe South African Law Reports  aCape Town: bJuta and Company Ltd, c1912 bxciii, 1175 pages; c25 cm.  aLegal practice bLaw